Effect of ampidexalone and vimeflorof. D.P for diarrhea treatment in canin at animal clinic na vetco, ប្រសិទ្ធភាពនៃឱសថ AMPIDEXALONE និង VIMEFLOROF.D.P ក្នុងការព្យាបាលជំងឺលើសុខននៅឃ្លឺនិកព្យាបាលសត្វណាវេតកូ. (Record no. 2707)

000 -LEADER
fixed length control field 00707nam a22001577a 4500
003 - CONTROL NUMBER IDENTIFIER
control field OSt
005 - DATE AND TIME OF LATEST TRANSACTION
control field 20151026090839.0
008 - FIXED-LENGTH DATA ELEMENTS--GENERAL INFORMATION
fixed length control field 151026b xxu||||| |||| 00| 0 eng d
040 ## - CATALOGING SOURCE
Transcribing agency RUA
082 ## - DEWEY DECIMAL CLASSIFICATION NUMBER
Classification number AVM HAY 2013 B105 Or.1
100 ## - MAIN ENTRY--PERSONAL NAME
9 (RLIN) 2888
Personal name HAY, MINEA.
245 ## - TITLE STATEMENT
Title Effect of ampidexalone and vimeflorof. D.P for diarrhea treatment in canin at animal clinic na vetco, ប្រសិទ្ធភាពនៃឱសថ AMPIDEXALONE និង VIMEFLOROF.D.P ក្នុងការព្យាបាលជំងឺលើសុខននៅឃ្លឺនិកព្យាបាលសត្វណាវេតកូ.
260 ## - PUBLICATION, DISTRIBUTION, ETC. (IMPRINT)
Place of publication, distribution, etc. phnom phen
Name of publisher, distributor, etc. RUA
Date of publication, distribution, etc. 2013
300 ## - PHYSICAL DESCRIPTION
Extent IX,43p.
Other physical details ill.
Dimensions 29cm.
942 ## - ADDED ENTRY ELEMENTS (KOHA)
Source of classification or shelving scheme
Koha item type AVM
Holdings
Price effective from Date last seen Permanent Location Not for loan Date acquired Source of classification or shelving scheme Koha item type Lost status Withdrawn status Date last checked out Total Checkouts Shelving location Damaged status Barcode Current Location Full call number
2015-10-262015-10-26Library Block B 2015-10-26 AVM    B105 RUA018385Library Block BAVM HAY 2013 B105 Or.1
2015-10-262015-10-26Library Block B 2015-10-26 AVM    B105 RUA018457Library Block BAVM HAY 2013 B105 Or.2
2015-10-262015-10-26Library Block B 2015-10-26 AVM    B105 RUA018097Library Block BAVM HAY 2013 B105 Or.3
2015-10-262016-06-13Library Block B 2015-10-26 AVM  2016-04-281B105 RUA018169Library Block BAVM HAY 2013 B105 Or.4
2015-10-262015-10-26Library Block B 2015-10-26 AVM    B105 RUA018168Library Block BAVM HAY 2013 B105 Or.6
2015-10-262015-10-26Library Block B 2015-10-26 AVM    B105 RUA018240Library Block BAVM HAY 2013 B105 Or.5
2015-10-262015-10-26Library Block B 2015-10-26 AVM    B105 RUA018232Library Block BAVM HAY 2013 B105 Or.7
2015-10-262016-07-01Library Block B 2015-10-26 AVM  2016-06-301B105 RUA018312Library Block BAVM HAY 2013 B105 Or.8
2019-07-152019-07-15Library Block B 2019-07-15 AVM    B1.230 A37324Library Block BAVM HAY 2013 B1.230 Or.1
មជ្ឈមណ្ឌលឯការនៃសាកលវិទ្យាល័យភូមិន្ទកសិកម្មចំការដូង

Powered by Koha